000 00292nam a2200133Ia 4500
005 20251222141840.0
008 251222s9999||||xx |||||||||||||| ||spa||
020 _a84-7386-298-8
082 _a922.21/M84
100 _aMontoto, Ángel
245 0 _aBlanco
264 _bUltramar
942 _cLIB
999 _c7380
_d7380